Exploring life Science : 2 Bats-cave life

Bibliographic Details
Format: Book
Published: Malaysia : Federal Publication , 2003
Subjects:

MARC

LEADER 00000cam a2200000 7i4500
001 0000006944
005 20151222.0
008 070827
020 |a 9835807884 
090 0 0 |a SC   |b ENG 
245 1 0 |a Exploring life Science :   |b 2 Bats-cave life 
260 |a Malaysia :   |b Federal Publication ,   |c 2003 
500 |a Children ages 10-12 years old (pink) 
650 0 |a Science   |x Juvenile literature 
999 |a 0000986946   |b Book   |c Children Collection   |e Cawangan Tangkak 
999 |a 0000986948   |b Book   |c Children Collection   |e Cawangan Kota Tinggi 
999 |a 0000986949   |b Book   |c Children Collection   |e Cawangan Bandar Tenggara 
999 |a 0001143493   |b Book   |c Children Collection   |e Cawangan Segamat 
999 |a 0001143496   |b Book   |c Children Collection   |e Cawangan Pontian 
999 |a 0001143497   |b Book   |c Children Collection   |e Cawangan Tmn. Ungku Tun Aminah 
999 |a 0001143498   |b Book   |c Children Collection   |e Cawangan Bandar Penawar 
999 |a 0001143500   |b Book   |c Children Collection   |e Cawangan Tangkak 
999 |a 0001143501   |b Book   |c Children Collection   |e Cawangan Bandar Tenggara 
999 |a 0001144652   |b Book   |c Children Collection   |e Cawangan Pontian 
999 |a 0001144653   |b Book   |c Children Collection   |e Cawangan Tmn. Ungku Tun Aminah 
999 |a 0001144656   |b Book   |c Teenagers   |e Cawangan Bandar Tenggara 
999 |a 0001144664   |b Book   |c Children Collection   |e Cawangan Bandar Tenggara 
999 |a 0001144669   |b Book   |c Children Collection   |e Cawangan Bandar Penawar 
999 |a 0001144670   |b Book   |c Children Collection   |e Cawangan Bandar Penawar 
999 |a 0001144817   |b Book   |c Children Collection   |e Cawangan Bandar Tenggara 
999 |a 0001150430   |b Book   |c Children Collection   |e Cawangan Bukit Gambir 
999 |a 0001150438   |b Book   |c Children Collection   |e Cawangan Batu Pahat 
999 |a 0001150440   |b Book   |c Children Collection   |e Cawangan Pontian 
999 |a 0001150443   |b Book   |c Children Collection   |e Cawangan Taman Universiti 
999 |a 0001150449   |b Book   |c Children Collection   |e Cawangan Tmn. Ungku Tun Aminah 
999 |a 0001150450   |b Book   |c Children Collection   |e Cawangan Bandar Penawar 
999 |a 0001150996   |b Book   |c Children Collection   |e Cawangan Taman Universiti 
999 |a 0001151009   |b Book   |c Children Collection   |e Cawangan Bandar Tenggara 
999 |a 0001151013   |b Book   |c Children Collection   |e Cawangan Bandar Penawar 
999 |a 0001151014   |b Book   |c Adult Collection   |e Cawangan Tmn. Ungku Tun Aminah 
999 |a 0001151015   |b Book   |c Children Collection   |e Cawangan Taman Universiti